[Event "Lloyds Bank Masters 9th"]
[Site "London, Park Lane Hotel"]
[Date "1985.08.23"]
[Round "3"]
[White "Bellin, Robert"]
[Black "Stein, Bernd"]
[Result "1/2-1/2"]
[WhiteElo "2395"]
[BlackElo "2365"]
[PlyCount "43"]
[EventDate "1985.08.21"]
[EventType "swiss"]
[EventRounds "9"]
[EventCountry "ENG"]
[Source "John Saunders"]
[SourceDate "2016.01.19"]

1. d4 Nf6 2. Nf3 e6 3. e3 c5 4. Bd3 b6 5. O-O Be7 6. b3 O-O 7. Bb2 Bb7 8. Nbd2
d6 9. c4 Nbd7 10. Rc1 a6 11. a3 Qb8 12. Qe2 Re8 13. Rfd1 Bf8 14. Bb1 cxd4 15.
exd4 e5 16. dxe5 dxe5 17. Ng5 h6 18. Nge4 Nxe4 19. Nxe4 Nc5 20. Rc3 Nxe4 21.
Bxe4 Ra7 22. Bxb7 1/2-1/2

[Event "Lloyds Bank Masters 9th"]
[Site "London, Park Lane Hotel"]
[Date "1985.08.23"]
[Round "3"]
[White "Bowden, Karl"]
[Black "Lalic, Susan Kathryn"]
[Result "1-0"]
[WhiteElo "2250"]
[BlackElo "2050"]
[PlyCount "65"]
[EventDate "1985.08.21"]
[EventType "swiss"]
[EventRounds "9"]
[EventCountry "ENG"]
[Source "John Saunders"]
[SourceDate "2016.01.19"]

1. d4 e6 2. Nf3 Nf6 3. Bg5 d5 4. e3 Be7 5. Bd3 Nbd7 6. Nbd2 b6 7. O-O Bb7 8. c3
h6 9. Bh4 g5 10. Bg3 Ne4 11. Ne5 Nxg3 12. fxg3 Nxe5 13. dxe5 Qd7 14. Rxf7 O-O-O
15. Qe2 Rdf8 16. Raf1 Kb8 17. Qh5 Bc8 18. Nf3 Qd8 19. Nd4 Bd7 20. Rxf8 Rxf8 21.
Qxh6 Rxf1+ 22. Kxf1 Qg8 23. Qg6 Qxg6 24. Bxg6 c5 25. Nf3 Kc7 26. h4 gxh4 27.
gxh4 a5 28. h5 Bf8 29. Ng5 Kc6 30. Kf2 a4 31. g4 Kb5 32. Nf7 c4 33. a3 1-0

[Event "Lloyds Bank Masters 9th"]
[Site "London, Park Lane Hotel"]
[Date "1985.08.23"]
[Round "3"]
[White "Gutman, Lev"]
[Black "Curtin, Eugene"]
[Result "0-1"]
[WhiteElo "2485"]
[BlackElo "2275"]
[PlyCount "64"]
[EventDate "1985.08.21"]
[EventType "swiss"]
[EventRounds "9"]
[EventCountry "ENG"]
[Source "John Saunders"]
[SourceDate "2016.01.19"]

1. Nf3 Nf6 2. g3 d5 3. Bg2 e6 4. O-O Be7 5. c4 O-O 6. b3 c5 7. Bb2 Nc6 8. e3
dxc4 9. bxc4 Qc7 10. Nc3 a6 11. Ng5 Ne5 12. Qe2 Rd8 13. Rad1 Nd3 14. Ba1 Rb8
15. f4 b5 16. Nce4 Bb7 17. Nxf6+ Bxf6 18. Qh5 Bxg5 19. Qxg5 f5 20. e4 Rf8 21.
exf5 Bxg2 22. Kxg2 exf5 23. Rb1 Rbe8 24. cxb5 Re2+ 25. Kh3 Qb7 26. Rf3 Nf2+ 27.
Rxf2 Rxf2 28. Rg1 axb5 29. Be5 h6 30. Qg6 Qf7 31. Qxf7+ Rxf7 32. Rc1 Rd7 0-1

[Event "Lloyds Bank Masters 9th"]
[Site "London, Park Lane Hotel"]
[Date "1985.08.23"]
[Round "3"]
[White "Howell, James C"]
[Black "Hebden, Mark"]
[Result "1-0"]
[WhiteElo "2270"]
[BlackElo "2455"]
[PlyCount "113"]
[EventDate "1985.08.21"]
[EventType "swiss"]
[EventRounds "9"]
[EventCountry "ENG"]
[Source "John Saunders"]
[SourceDate "2016.01.19"]

1. e4 e5 2. Nf3 Nc6 3. Bb5 a6 4. Ba4 Nf6 5. O-O Be7 6. Re1 b5 7. Bb3 O-O 8. a4
Bb7 9. d3 d6 10. Nc3 Na5 11. Ba2 b4 12. Ne2 Rb8 13. Ng3 c5 14. Nd2 Ne8 15. Nc4
Nxc4 16. Bxc4 Bg5 17. Rf1 Nc7 18. Bxg5 Qxg5 19. Qc1 Qxc1 20. Raxc1 Ne6 21. Ne2
g5 22. g3 Rbe8 23. f4 exf4 24. gxf4 f5 25. fxg5 fxe4 26. Nf4 Bc8 27. Rce1 Kg7
28. Bxe6 Bxe6 29. Nxe6+ Rxe6 30. Rxf8 Kxf8 31. Rxe4 Rg6 32. h4 h6 33. Rg4 hxg5
34. Rxg5 Rh6 35. h5 Kf7 36. c4 bxc3 37. bxc3 Rf6 38. Kg2 Rf4 39. c4 Rh4 40. a5
Ke7 41. Kg3 Rh1 42. Kg4 Ke6 43. Rg6+ Ke5 44. Kg5 Rd1 45. Kh6 Rxd3 46. Kg7 Rb3
47. Rg5+ Kd4 48. Rg4+ Ke5 49. Kg6 Rb8 50. h6 d5 51. Rg5+ Kd4 52. cxd5 c4 53. h7
c3 54. d6 Rd8 55. d7 c2 56. Rg1 Kc3 57. Kf6 1-0

[Event "Lloyds Bank Masters 9th"]
[Site "London, Park Lane Hotel"]
[Date "1985.08.23"]
[Round "3"]
[White "Johansen, Darryl Keith"]
[Black "Chandler, Murray G"]
[Result "0-1"]
[WhiteElo "2410"]
[BlackElo "2525"]
[PlyCount "54"]
[EventDate "1985.08.21"]
[EventType "swiss"]
[EventRounds "9"]
[EventCountry "ENG"]
[Source "John Saunders"]
[SourceDate "2016.01.19"]

1. Nf3 Nf6 2. c4 e6 3. g3 d5 4. Bg2 dxc4 5. O-O a6 6. a4 Nc6 7. a5 Bd7 8. Qc2
Bb4 9. Na3 Nxa5 10. Ne5 Rb8 11. Naxc4 Nxc4 12. Qxc4 Bd6 13. d4 Bb5 14. Qc2 O-O
15. Rd1 Qe7 16. e4 Rfd8 17. Bg5 h6 18. Bxf6 Qxf6 19. Ng4 Qe7 20. e5 Bb4 21. f4
Rd7 22. f5 Qg5 23. fxe6 fxe6 24. Bh3 Kh8 25. Qb3 Bd2 26. Qxe6 Rxd4 27. Nf2 Rf8
0-1

[Event "Lloyds Bank Masters 9th"]
[Site "London, Park Lane Hotel"]
[Date "1985.08.23"]
[Round "3"]
[White "Kuzmin, Gennadi P"]
[Black "Waddingham, Graham A"]
[Result "1-0"]
[WhiteElo "2500"]
[BlackElo "2215"]
[PlyCount "83"]
[EventDate "1985.08.21"]
[EventType "swiss"]
[EventRounds "9"]
[EventCountry "ENG"]
[Source "John Saunders"]
[SourceDate "2016.01.19"]

1. e4 e5 2. Nf3 Nc6 3. Bb5 a6 4. Ba4 Nf6 5. O-O Be7 6. Re1 b5 7. Bb3 O-O 8. d3
d6 9. c3 Na5 10. Bc2 c5 11. Nbd2 Qc7 12. Nf1 Be6 13. Ng3 Rad8 14. d4 cxd4 15.
cxd4 Bg4 16. d5 Nh5 17. Nxh5 Bxh5 18. Bd3 Bg6 19. a4 Rb8 20. axb5 axb5 21. g4
Rfc8 22. h3 Nc4 23. b3 Nb6 24. Bxb5 h5 25. Bc6 hxg4 26. hxg4 Nd7 27. Be3 Nf6
28. Ra7 Qd8 29. Nh4 Bxe4 30. g5 Nh7 31. Rd7 Qf8 32. Qg4 Rxc6 33. dxc6 Bxc6 34.
Ra7 g6 35. Nxg6 fxg6 36. Qe6+ Kh8 37. Qxe7 Qxe7 38. Rxe7 Nf8 39. Rc1 Be4 40.
Rc3 Kg8 41. f4 exf4 42. Bd4 1-0

[Event "Lloyds Bank Masters 9th"]
[Site "London, Park Lane Hotel"]
[Date "1985.08.23"]
[Round "3"]
[White "McKay, Roderick M"]
[Black "Peelen, Piet"]
[Result "1/2-1/2"]
[WhiteElo "2385"]
[BlackElo "2345"]
[PlyCount "24"]
[EventDate "1985.08.21"]
[EventType "swiss"]
[EventRounds "9"]
[EventCountry "ENG"]
[Source "John Saunders"]
[SourceDate "2016.01.19"]

1. d4 Nf6 2. Nf3 e6 3. c4 d5 4. Nc3 Be7 5. Bg5 O-O 6. Qc2 Nbd7 7. e3 c5 8. cxd5
Nxd5 9. Bxe7 Qxe7 10. Nxd5 exd5 11. Bd3 g6 12. dxc5 Nxc5 1/2-1/2

[Event "Lloyds Bank Masters 9th"]
[Site "London, Park Lane Hotel"]
[Date "1985.08.23"]
[Round "3"]
[White "Morovic Fernandez, Ivan"]
[Black "Crawley, Gavin"]
[Result "1-0"]
[WhiteElo "2470"]
[BlackElo "2285"]
[PlyCount "75"]
[EventDate "1985.08.21"]
[EventType "swiss"]
[EventRounds "9"]
[EventCountry "ENG"]
[Source "John Saunders"]
[SourceDate "2016.01.19"]

1. Nf3 Nf6 2. c4 e6 3. d4 b6 4. a3 d5 5. Nc3 Be7 6. cxd5 exd5 7. Bf4 O-O 8. e3
c5 9. Be2 Nc6 10. Ne5 Bb7 11. O-O cxd4 12. exd4 Ne4 13. Nxc6 Bxc6 14. Rc1 Qd7
15. Ba6 Bg5 16. Bxg5 Nxg5 17. Qd2 h6 18. b4 b5 19. Qc2 Rab8 20. Na4 Qg4 21.
Qxc6 Nf3+ 22. Kh1 Qf4 23. Qc7 Qxc7 24. Rxc7 Nd2 25. Bxb5 Rxb5 26. Re1 Rbb8 27.
Rxa7 Rfe8 28. Rd1 Rbc8 29. Nc5 Re2 30. Kg1 Rce8 31. h4 Nc4 32. b5 Ra2 33. a4
Ree2 34. Nd3 Nb2 35. b6 Nxd1 36. b7 Re8 37. Ra8 Rae2 38. Ne5 1-0

[Event "Lloyds Bank Masters 9th"]
[Site "London, Park Lane Hotel"]
[Date "1985.08.23"]
[Round "3"]
[White "Shovel, Kenneth"]
[Black "Hodgson, Julian M"]
[Result "0-1"]
[WhiteElo "2280"]
[BlackElo "2445"]
[PlyCount "86"]
[EventDate "1985.08.21"]
[EventType "swiss"]
[EventRounds "9"]
[EventCountry "ENG"]
[Source "John Saunders"]
[SourceDate "2016.01.19"]

1. d4 Nf6 2. Nf3 c5 3. d5 g6 4. Nc3 Bg7 5. e4 O-O 6. Bf4 d6 7. Qd2 Bg4 8. Be2
b5 9. Bxb5 Qb6 10. e5 Nh5 11. Bh6 Bxh6 12. Qxh6 Bxf3 13. gxf3 a6 14. Rg1 Ng7
15. Ne4 Nf5 16. Qh3 Qxb5 17. O-O-O Nd7 18. Qxf5 Nxe5 19. Qh3 Qa4 20. Qh6 Nxf3
21. Ng5 Qf4+ 22. Kb1 Qh4 23. Qxh4 Nxh4 24. Rge1 Nf5 25. Ne4 Ra7 26. Ng3 Nd4 27.
c3 Nf3 28. Re3 Ne5 29. Rde1 Rb8 30. f4 Nc4 31. R3e2 a5 32. Kc1 Kf8 33. b3 Nb6
34. c4 a4 35. Kc2 axb3+ 36. axb3 Ra2+ 37. Kc3 Ra3 38. Rxe7 Na4+ 39. Kc2 Rbxb3
40. Re8+ Kg7 41. Rb1 Rf3 42. Rbb8 Ra2+ 43. Kc1 Rxh2 0-1

[Event "Lloyds Bank Masters 9th"]
[Site "London, Park Lane Hotel"]
[Date "1985.08.21"]
[Round "4"]
[White "Bradbury, Neil H"]
[Black "Wells, Peter K"]
[Result "0-1"]
[WhiteElo "2335"]
[BlackElo "2365"]
[PlyCount "78"]
[EventDate "1985.08.21"]
[EventType "swiss"]
[EventRounds "9"]
[EventCountry "ENG"]
[Source "John Saunders"]
[SourceDate "2016.01.19"]

1. d4 Nf6 2. c4 e6 3. Nf3 d5 4. Nc3 Be7 5. Bg5 h6 6. Bxf6 Bxf6 7. Qc2 dxc4 8.
O-O-O a6 9. e4 b5 10. e5 Bg5+ 11. Kb1 Bb7 12. h4 Be7 13. Rh3 O-O 14. Ne4 Nc6
15. a3 b4 16. Bxc4 bxa3 17. Neg5 Bxg5 18. Nxg5 hxg5 19. hxg5 Re8 20. Rdh1 Kf8
21. Qb3 Ke7 22. Rd1 a5 23. Qxb7 Nxe5 24. Rc3 Rb8 25. Qa7 Rxb2+ 26. Ka1 Nc6 27.
Qc5+ Qd6 28. Bb5 Qxc5 29. Rxc5 Nb4 30. Bxe8 Kxe8 31. Rdc1 Nd3 32. Rxc7 Nxc1 33.
Rxc1 Rxf2 34. Rc5 Rxg2 35. Rxa5 a2 36. d5 Rxg5 37. Ra8+ Ke7 38. dxe6 Kxe6 39.
Kxa2 Rb5 0-1

[Event "Lloyds Bank Masters 9th"]
[Site "London, Park Lane Hotel"]
[Date "1985.08.24"]
[Round "4"]
[White "Chandler, Murray G"]
[Black "Howell, James C"]
[Result "1-0"]
[WhiteElo "2525"]
[BlackElo "2270"]
[PlyCount "61"]
[EventDate "1985.08.21"]
[EventType "swiss"]
[EventRounds "9"]
[EventCountry "ENG"]
[Source "John Saunders"]
[SourceDate "2016.01.19"]

1. e4 c5 2. Nf3 d6 3. d4 cxd4 4. Nxd4 Nf6 5. Nc3 a6 6. Be3 e6 7. Qd2 b5 8. f3
Bb7 9. g4 Nc6 10. Nxc6 Bxc6 11. g5 Nd7 12. O-O-O Be7 13. h4 O-O 14. h5 Ne5 15.
f4 b4 16. Nd5 exd5 17. exd5 Bb7 18. fxe5 dxe5 19. g6 Qd6 20. Bh3 f5 21. gxh7+
Kh8 22. Rhg1 f4 23. Bf2 Qh6 24. d6 Bf6 25. d7 e4 26. Bc5 Rfd8 27. Rg6 Qxh5 28.
Rxf6 gxf6 29. Qxf4 Qg5 30. Qxg5 fxg5 31. Bf5 1-0

[Event "Lloyds Bank Masters 9th"]
[Site "London, Park Lane Hotel"]
[Date "1985.08.24"]
[Round "4"]
[White "Condie, Mark L"]
[Black "Schiller, Eric"]
[Result "1-0"]
[WhiteElo "2405"]
[BlackElo "2205"]
[PlyCount "51"]
[EventDate "1985.08.21"]
[EventType "swiss"]
[EventRounds "9"]
[EventCountry "ENG"]
[Source "John Saunders"]
[SourceDate "2016.01.19"]

1. d4 d5 2. Bf4 Nf6 3. Nf3 e6 4. e3 Nbd7 5. c4 c6 6. Nbd2 Be7 7. Bd3 O-O 8. O-O
Nh5 9. Be5 g6 10. Qc2 f5 11. Rab1 Rf7 12. b4 Qf8 13. b5 g5 14. bxc6 bxc6 15.
cxd5 cxd5 16. Qc6 Nb6 17. Rxb6 axb6 18. Qxa8 g4 19. Rc1 Bd7 20. Qxf8+ Bxf8 21.
Ne1 Bb4 22. Nf1 f4 23. Nc2 Ba5 24. a3 f3 25. Nb4 Bxb4 26. axb4 1-0

[Event "Lloyds Bank Masters 9th"]
[Site "London, Park Lane Hotel"]
[Date "1985.08.24"]
[Round "4"]
[White "Jacobs, Byron A"]
[Black "Wall, Tim"]
[Result "1-0"]
[WhiteElo "2295"]
[BlackElo "2200"]
[PlyCount "72"]
[EventDate "1985.08.21"]
[EventType "swiss"]
[EventRounds "9"]
[EventCountry "ENG"]
[Source "John Saunders"]
[SourceDate "2016.01.19"]

1. e4 c5 2. Nc3 Nc6 3. Nf3 e6 4. d4 cxd4 5. Nxd4 a6 6. f4 Nge7 7. Nf3 Ng6 8.
Be3 Qc7 9. Qd2 b5 10. Be2 Bb7 11. O-O Be7 12. Rad1 Rd8 13. a4 d5 14. axb5 dxe4
15. bxc6 Rxd2 16. Nxd2 Qxc6 17. Nb3 Qc7 18. f5 exf5 19. Rxf5 O-O 20. Nc5 Bxc5
21. Rxc5 Qb8 22. Rf1 Rc8 23. b4 Ne5 24. Rf4 Rxc5 25. bxc5 Ng6 26. Rf1 Qe5 27.
Nd1 Qe6 28. Bd4 e3 29. Nxe3 Qe4 30. c3 Ne5 31. Bd1 Nc6 32. Bf3 Qd3 33. Rd1 Qb5
34. Nf5 Qa5 35. Rb1 Nxd4 36. cxd4 g6 1-0

[Event "Lloyds Bank Masters 9th"]
[Site "London, Park Lane Hotel"]
[Date "1985.08.24"]
[Round "4"]
[White "Knoppert, Erik GJ"]
[Black "Levitt, Jonathan"]
[Result "0-1"]
[WhiteElo "2305"]
[BlackElo "2375"]
[PlyCount "40"]
[EventDate "1985.08.21"]
[EventType "swiss"]
[EventRounds "9"]
[EventCountry "ENG"]
[Source "John Saunders"]
[SourceDate "2016.01.19"]

1. e4 e6 2. d4 d5 3. e5 c5 4. c3 Nc6 5. Nf3 Bd7 6. a3 c4 7. Nbd2 f6 8. exf6
gxf6 9. Nh4 Qe7 10. Be2 O-O-O 11. b3 e5 12. bxc4 exd4 13. cxd5 d3 14. dxc6 Bxc6
15. Kf1 dxe2+ 16. Qxe2 Qd7 17. Nhf3 Bc5 18. Rb1 Nh6 19. Qc4 Rhe8 20. Nd4 Bxg2+
0-1

[Event "Lloyds Bank Masters 9th"]
[Site "London, Park Lane Hotel"]
[Date "1985.08.24"]
[Round "4"]
[White "Teichmann, Erik OMC"]
[Black "McKay, Roderick M"]
[Result "0-1"]
[WhiteElo "2385"]
[BlackElo "2385"]
[PlyCount "46"]
[EventDate "1985.08.21"]
[EventType "swiss"]
[EventRounds "9"]
[EventCountry "ENG"]
[Source "John Saunders"]
[SourceDate "2016.01.19"]

1. b4 e5 2. Bb2 Bxb4 3. Bxe5 Nf6 4. c4 O-O 5. e3 d5 6. cxd5 Qxd5 7. Bxf6 gxf6
8. Ne2 Rd8 9. Nbc3 Qe5 10. Rc1 Nc6 11. Ng3 Be6 12. Qa4 Rxd2 13. Kxd2 Rd8+ 14.
Bd3 Bc4 15. Qc2 Qxc3+ 16. Qxc3 Rxd3+ 17. Kc2 Bxc3 18. Rcd1 Nb4+ 19. Kc1 Nxa2+
20. Kb1 Nb4 21. Ne4 Be5 22. f4 Rb3+ 23. Kc1 Nd3+ 0-1

[Event "Lloyds Bank Masters 9th"]
[Site "London, Park Lane Hotel"]
[Date "1985.08.24"]
[Round "4"]
[White "Thipsay, Praveen Mahadeo"]
[Black "Conquest, Stuart"]
[Result "1/2-1/2"]
[WhiteElo "2495"]
[BlackElo "2345"]
[PlyCount "91"]
[EventDate "1985.08.21"]
[EventType "swiss"]
[EventRounds "9"]
[EventCountry "ENG"]
[Source "John Saunders"]
[SourceDate "2016.01.19"]

1. e4 c6 2. d4 d5 3. exd5 cxd5 4. c4 Nf6 5. Nc3 g6 6. Qb3 Bg7 7. cxd5 O-O 8.
Be2 Nbd7 9. Bf3 Nb6 10. Bg5 Bf5 11. Rd1 a5 12. Nge2 a4 13. Qb5 h6 14. Bxf6 exf6
15. O-O h5 16. Ng3 Bd7 17. Qd3 f5 18. Rfe1 h4 19. Nf1 Qf6 20. Ne3 Rfe8 21. d6
Rab8 22. Nb5 Bxb5 23. Qxb5 Qxd6 24. Re2 Re6 25. Nc2 Qd7 26. Qxd7 Nxd7 27. Na3
b5 28. Rxe6 fxe6 29. Bc6 b4 30. Bxd7 bxa3 31. Bxe6+ Kf8 32. bxa3 Bxd4 33. g4 h3
34. Kf1 Bc5 35. gxf5 Rb2 36. Rd5 Rxf2+ 37. Ke1 Bb6 38. Rb5 Bd4 39. Rb8+ Kg7 40.
Rd8 Bc5 41. Rg8+ Kf6 42. Rxg6+ Ke5 43. Rh6 Rxh2 44. Bd7 Be3 45. Rg6 Kd4 46.
Rd6+ 1/2-1/2

[Event "Lloyds Bank Masters 9th"]
[Site "London, Park Lane Hotel"]
[Date "1985.08.24"]
[Round "4"]
[White "Lalic, Susan Kathryn"]
[Black "Ravikumar, Vaidyanathan"]
[Result "1/2-1/2"]
[WhiteElo "2050"]
[BlackElo "2370"]
[PlyCount "64"]
[EventDate "1985.08.21"]
[EventType "swiss"]
[EventRounds "9"]
[EventCountry "ENG"]
[Source "John Saunders"]
[SourceDate "2016.01.19"]

1. e4 g6 2. d4 Bg7 3. c3 d6 4. Be3 Nf6 5. Bd3 O-O 6. Nf3 Nbd7 7. O-O e5 8. dxe5
dxe5 9. Nbd2 h6 10. Nc4 Qe7 11. b4 b6 12. Ne1 Rd8 13. Qe2 Nh5 14. g3 Nf8 15.
Ng2 Qe6 16. Nd2 Qe7 17. Bc4 Bb7 18. f3 Ne6 19. Rfd1 a5 20. a3 Nf6 21. Nb3 axb4
22. axb4 Ng5 23. Rxd8+ Qxd8 24. Nh4 Rxa1+ 25. Nxa1 Kf8 26. Qd2 Qxd2 27. Bxd2
Ne8 28. Kf2 Nd6 29. Bd3 Bf6 30. Ke2 Kg7 31. Ng2 Bd8 32. h4 Ne6 1/2-1/2

[Event "Lloyds Bank Masters 9th"]
[Site "London, Park Lane Hotel"]
[Date "1985.08.25"]
[Round "5"]
[White "Bowden, Karl"]
[Black "Stein, Bernd"]
[Result "1/2-1/2"]
[WhiteElo "2250"]
[BlackElo "2365"]
[PlyCount "32"]
[EventDate "1985.08.21"]
[EventType "swiss"]
[EventRounds "9"]
[EventCountry "ENG"]
[Source "John Saunders"]
[SourceDate "2016.01.19"]

1. e4 c5 2. c3 d5 3. exd5 Qxd5 4. d4 Nc6 5. Nf3 Bg4 6. Be2 cxd4 7. cxd4 e6 8.
Nc3 Qa5 9. O-O Nf6 10. h3 Bh5 11. a3 Be7 12. Be3 O-O 13. Qb3 Qc7 14. d5 exd5
15. Nxd5 Nxd5 16. Qxd5 Bg6 1/2-1/2

[Event "Lloyds Bank Masters 9th"]
[Site "London, Park Lane Hotel"]
[Date "1985.08.25"]
[Round "5"]
[White "Chevallier, Didier"]
[Black "Thipsay, Praveen Mahadeo"]
[Result "0-1"]
[WhiteElo "2355"]
[BlackElo "2495"]
[PlyCount "96"]
[EventDate "1985.08.21"]
[EventType "swiss"]
[EventRounds "9"]
[EventCountry "ENG"]
[Source "John Saunders"]
[SourceDate "2016.01.19"]

1. e4 e5 2. Nf3 Nc6 3. Bb5 a6 4. Ba4 Nf6 5. d4 exd4 6. O-O Be7 7. Re1 b5 8. Bb3
d6 9. Bd5 Nxd5 10. exd5 Ne5 11. Nxd4 O-O 12. a4 Bg4 13. Qd2 Bd7 14. Nc3 bxa4
15. Nxa4 Re8 16. b3 Qb8 17. Nc3 Qb7 18. Ba3 Ng6 19. Rad1 h6 20. Bc1 Bg4 21. f3
Bd7 22. Re4 Bg5 23. Qf2 Bxc1 24. Rxc1 Ne7 25. Rce1 Nxd5 26. Nxd5 Qxd5 27. Re7
Kf8 28. c4 Qc5 29. Qh4 Qg5 30. Rxe8+ Rxe8 31. Rxe8+ Bxe8 32. Qe4 Qe5 33. b4
Qxe4 34. fxe4 Bd7 35. Kf2 Be6 36. c5 dxc5 37. bxc5 a5 38. Nb5 a4 39. Ke3 Bc4
40. Na3 Bf1 41. g3 Ke7 42. Kd4 Kd7 43. Nb1 Kc6 44. Na3 Ba6 45. Nb1 Kb5 46. Nc3+
Kb4 47. Nd5+ Kb3 48. Nxc7 a3 0-1

[Event "Lloyds Bank Masters 9th"]
[Site "London, Park Lane Hotel"]
[Date "1985.08.25"]
[Round "5"]
[White "Cox, John J"]
[Black "Flear, Glenn C"]
[Result "0-1"]
[WhiteElo "2310"]
[BlackElo "2475"]
[PlyCount "112"]
[EventDate "1985.08.21"]
[EventType "swiss"]
[EventRounds "9"]
[EventCountry "ENG"]
[Source "John Saunders"]
[SourceDate "2016.01.19"]

1. d4 d5 2. Nc3 Nf6 3. Bg5 Nbd7 4. Nf3 e6 5. e4 Bb4 6. e5 h6 7. Bh4 g5 8. Nxg5
hxg5 9. Bxg5 Rg8 10. Bxf6 Nxf6 11. exf6 Qxf6 12. a3 Ba5 13. Qe2 Bd7 14. Qe3
O-O-O 15. O-O-O Bxc3 16. bxc3 Qe7 17. Kb2 Ba4 18. g3 Rd6 19. h4 Rb6+ 20. Kc1
Qxa3+ 21. Kd2 Bxc2 22. Rc1 Be4 23. Rg1 Rb2+ 24. Ke1 a5 25. f3 Rc2 26. Rxc2 Bxc2
27. Qd2 Qb3 28. Rg2 Qb1+ 29. Kf2 a4 30. Ke3 Bh7 31. Bd3 Bxd3 32. Qxd3 Qe1+ 33.
Kf4 a3 34. Qd2 Qf1 35. Qe2 Qa1 36. Qc2 b5 37. g4 Qe1 38. h5 Re8 39. Re2 Qh4 40.
Qb3 f6 41. Qxb5 e5+ 42. dxe5 Rxe5 43. Qa6+ Kd7 44. Rxe5 Qh2+ 45. Ke3 Qxe5+ 46.
Kd3 Qf4 47. Qxa3 Qxf3+ 48. Kd2 Qg2+ 49. Kd3 Qxg4 50. Qf8 Qxh5 51. Qxf6 Qd1+ 52.
Ke3 Qe1+ 53. Kd3 Qe6 54. Qg7+ Kc6 55. Qd4 Qg6+ 56. Ke3 Qg1+ 0-1

[Event "Lloyds Bank Masters 9th"]
[Site "London, Park Lane Hotel"]
[Date "1985.08.25"]
[Round "5"]
[White "Crawley, Gavin"]
[Black "Farrand, Tom"]
[Result "1-0"]
[WhiteElo "2285"]
[BlackElo "2205"]
[PlyCount "83"]
[EventDate "1985.08.21"]
[EventType "swiss"]
[EventRounds "9"]
[EventCountry "ENG"]
[Source "John Saunders"]
[SourceDate "2016.01.19"]

1. d4 Nf6 2. c4 c5 3. d5 e6 4. Nc3 exd5 5. cxd5 d6 6. e4 g6 7. Nf3 Bg7 8. h3
O-O 9. Bd3 b6 10. Qe2 Re8 11. O-O Bb7 12. Be3 a6 13. a4 Nbd7 14. Nd2 Ne5 15.
Bc2 Qc7 16. f4 Ned7 17. Nc4 b5 18. axb5 Nb6 19. Rfd1 Nxc4 20. Qxc4 axb5 21.
Qxb5 Qc8 22. Rxa8 Qxa8 23. Qb6 Nxe4 24. Nxe4 Bxd5 25. Nxd6 Rxe3 26. Qxc5 Re2
27. Qxd5 Qa7+ 28. Kh1 Rxc2 29. b4 Bf8 30. Ne4 Qe7 31. b5 Re2 32. Ng5 h6 33. Nf3
Rb2 34. Ne5 Qf6 35. Nd3 Rc2 36. Rb1 Rc8 37. b6 Rd8 38. Qe4 Bd6 39. b7 Bb8 40.
Ne5 Re8 41. Nd7 Qd8 42. Qxe8+ 1-0

[Event "Lloyds Bank Masters 9th"]
[Site "London, Park Lane Hotel"]
[Date "1985.08.25"]
[Round "5"]
[White "Jacobs, Byron A"]
[Black "Barua, Dibyendu"]
[Result "0-1"]
[WhiteElo "2295"]
[BlackElo "2410"]
[PlyCount "86"]
[EventDate "1985.08.21"]
[EventType "swiss"]
[EventRounds "9"]
[EventCountry "ENG"]
[Source "John Saunders"]
[SourceDate "2016.01.19"]

1. e4 e5 2. Nf3 Nf6 3. Nxe5 d6 4. Nf3 Nxe4 5. d4 Be7 6. Bd3 Nf6 7. O-O O-O 8.
Re1 Bg4 9. Nbd2 Re8 10. h3 Bh5 11. Nf1 Bf8 12. Rxe8 Qxe8 13. Bg5 Nbd7 14. Ng3
Bg6 15. Bxg6 hxg6 16. Qd3 Nb6 17. Re1 Qc6 18. Bxf6 gxf6 19. Nh4 Re8 20. Rxe8
Qxe8 21. Qf3 Qe1+ 22. Nf1 Nc4 23. Qc3 Qxc3 24. bxc3 Bh6 25. Nf3 Na3 26. N1d2
Nxc2 27. Nc4 Kf8 28. d5 b5 29. Na5 Na3 30. Kf1 Nb1 31. Nc6 Nxc3 32. Nxa7 b4 33.
Nd4 Nxd5 34. Ke2 Ke8 35. Nac6 Nc3+ 36. Kd3 Nxa2 37. g3 f5 38. f4 Bg7 39. Nb5 b3
40. Na5 b2 41. Kc2 Nc3 42. Nxc3 Bxc3 43. Kxc3 b1=Q 0-1

[Event "Lloyds Bank Masters 9th"]
[Site "London, Park Lane Hotel"]
[Date "1985.08.25"]
[Round "5"]
[White "Johansen, Darryl Keith"]
[Black "Teichmann, Erik OMC"]
[Result "1-0"]
[WhiteElo "2410"]
[BlackElo "2385"]
[PlyCount "83"]
[EventDate "1985.08.21"]
[EventType "swiss"]
[EventRounds "9"]
[EventCountry "ENG"]
[Source "John Saunders"]
[SourceDate "2016.01.19"]

1. Nf3 d5 2. b3 Nf6 3. Bb2 c6 4. g3 Bg4 5. Bg2 Nbd7 6. d3 e6 7. O-O Bc5 8. Nbd2
O-O 9. c4 Qe7 10. a3 a5 11. h3 Bh5 12. Re1 e5 13. Nf1 e4 14. d4 Bd6 15. Nh4 Qe6
16. Ne3 Rfd8 17. Nhf5 Bf8 18. f4 g6 19. cxd5 cxd5 20. Nh4 Ne8 21. g4 Be7 22.
Nf3 exf3 23. exf3 Bh4 24. Re2 Qd6 25. gxh5 Ng7 26. hxg6 fxg6 27. f5 gxf5 28.
Qd3 Rf8 29. f4 Nb6 30. Nxd5 Nxd5 31. Qc4 Kh8 32. Qxd5 Qxf4 33. Rf1 Qg3 34. Rf3
Qc7 35. Rc3 Qb6 36. Qxb7 Qg6 37. Rc6 Bf6 38. Rxf6 Qxf6 39. d5 Qg5 40. Re7 Rae8
41. Rxg7 Re1+ 42. Kh2 1-0

[Event "Lloyds Bank Masters 9th"]
[Site "London, Park Lane Hotel"]
[Date "1985.08.25"]
[Round "5"]
[White "Kuzmin, Gennadi P"]
[Black "Lane, Gary William"]
[Result "1-0"]
[WhiteElo "2500"]
[BlackElo "2330"]
[PlyCount "59"]
[EventDate "1985.08.21"]
[EventType "swiss"]
[EventRounds "9"]
[EventCountry "ENG"]
[Source "John Saunders"]
[SourceDate "2016.01.19"]

1. e4 e5 2. Nf3 Nc6 3. Bb5 Nf6 4. d3 d6 5. O-O Be7 6. c3 O-O 7. Re1 Bd7 8. Ba4
Re8 9. Nbd2 Bf8 10. Nf1 g6 11. Ng3 Bg7 12. b4 a6 13. Bd2 h6 14. Bb3 Be6 15.
Bxe6 fxe6 16. a4 Nb8 17. Qb3 Nbd7 18. Rac1 Kh7 19. d4 exd4 20. cxd4 e5 21. h3
exd4 22. Nxd4 Nxe4 23. Rxe4 Rxe4 24. Nxe4 Bxd4 25. Qf7+ Bg7 26. Bc3 Ne5 27.
Bxe5 dxe5 28. Rxc7 Qf8 29. Qxf8 Rxf8 30. Rxb7 1-0

[Event "Lloyds Bank Masters 9th"]
[Site "London, Park Lane Hotel"]
[Date "1985.08.25"]
[Round "5"]
[White "McKay, Roderick M"]
[Black "Chandler, Murray G"]
[Result "1/2-1/2"]
[WhiteElo "2385"]
[BlackElo "2525"]
[PlyCount "30"]
[EventDate "1985.08.21"]
[EventType "swiss"]
[EventRounds "9"]
[EventCountry "ENG"]
[Source "John Saunders"]
[SourceDate "2016.01.19"]

1. e4 c5 2. Nf3 d6 3. d4 Nf6 4. Nc3 cxd4 5. Nxd4 a6 6. Bg5 Nc6 7. Qd2 e6 8.
O-O-O h6 9. Be3 Be7 10. Be2 Nxd4 11. Qxd4 Bd7 12. f4 Bc6 13. Bf3 Qc7 14. g4
O-O-O 15. h4 g6 1/2-1/2